000 01029cam a2200241 i 4500
005 20260122120556.0
008 250721s1999 ua gr 000 0 ara d
020 _a9770305499
082 1 4 _a341
_bع ب د
100 1 _aعبدالحميد، محمد سامي
_eمؤلف.
245 1 0 _aالقانون الدولي العام /
_cدكتور محمد سامي عبد الحميد، دكتور محمد السعيد الدقاق، دكتور مصطفى سلامة حسين.
250 _aالطبعة الأولى.
264 3 1 _aالإسكندرية :
_bمنشأة المعارف،
_c1999.
300 _a507 صفحة.
650 1 7 _aالقانون الدولي العام.
650 1 7 _aالإتفاقيات الدولية.
650 1 7 _aالتعاون الدولي.
650 1 7 _aالمنظمات الدولية.
700 1 _aدقاق، محمد السعيد
_eمؤلف مشارك.
700 1 _aحسين، مصطفى سلامة
_dمؤلف مشارك.
942 _2ddc
_cBK
999 _c81680
_d81680